<?xml version="1.0" encoding="UTF-8"?>
<record
    xmlns:xsi="http://www.w3.org/2001/XMLSchema-instance"
    xsi:schemaLocation="http://www.loc.gov/MARC21/slim http://www.loc.gov/standards/marcxml/schema/MARC21slim.xsd"
    xmlns="http://www.loc.gov/MARC21/slim">

  <leader>00546nam a22001337a 4500</leader>
  <controlfield tag="008">150529b        xxu||||| |||| 00| 0 eng d</controlfield>
  <datafield tag="082" ind1=" " ind2=" ">
    <subfield code="a">779.943</subfield>
    <subfield code="b">J 151r</subfield>
  </datafield>
  <datafield tag="100" ind1=" " ind2=" ">
    <subfield code="a">Jacob, John</subfield>
    <subfield code="9">2846</subfield>
  </datafield>
  <datafield tag="245" ind1=" " ind2=" ">
    <subfield code="a">Recollecting a culture</subfield>
    <subfield code="b">Photography and the evolution of a socialist Aesthetic in East Germany</subfield>
    <subfield code="c">Jacob, John (curador)</subfield>
  </datafield>
  <datafield tag="260" ind1=" " ind2=" ">
    <subfield code="a">Verona, Italy</subfield>
    <subfield code="b">ScanColor Leipzig</subfield>
    <subfield code="c">1998</subfield>
  </datafield>
  <datafield tag="300" ind1=" " ind2=" ">
    <subfield code="a">103 p.</subfield>
    <subfield code="b">ill.</subfield>
    <subfield code="c">21x27 cm</subfield>
  </datafield>
  <datafield tag="650" ind1=" " ind2=" ">
    <subfield code="x">Fotografia-Alemania este-Historia-S.20</subfield>
    <subfield code="x">Alemania este-Historia-Trabajo pictorico</subfield>
    <subfield code="x">Fotografia</subfield>
    <subfield code="9">2847</subfield>
  </datafield>
  <datafield tag="700" ind1=" " ind2=" ">
    <subfield code="a">John Jacob</subfield>
    <subfield code="9">2848</subfield>
  </datafield>
  <datafield tag="999" ind1=" " ind2=" ">
    <subfield code="c">635</subfield>
    <subfield code="d">635</subfield>
  </datafield>
  <datafield tag="952" ind1=" " ind2=" ">
    <subfield code="0">0</subfield>
    <subfield code="1">0</subfield>
    <subfield code="2">ddc</subfield>
    <subfield code="4">0</subfield>
    <subfield code="7">0</subfield>
    <subfield code="a">LV</subfield>
    <subfield code="b">LV</subfield>
    <subfield code="c">Monograf&#xED;as</subfield>
    <subfield code="d">2015-05-29</subfield>
    <subfield code="l">0</subfield>
    <subfield code="o">779.943 J 151r</subfield>
    <subfield code="p">004042</subfield>
    <subfield code="r">2015-05-29 00:00:00</subfield>
    <subfield code="w">2015-05-29</subfield>
    <subfield code="y">01</subfield>
  </datafield>
</record>
